Stochastic optimization (Record no. 27354)

MARC details
000 -LEADER
fixed length control field 00990nam a2200313Ia 4500
003 - CONTROL NUMBER IDENTIFIER
control field OSt
005 - DATE AND TIME OF LATEST TRANSACTION
control field 20220912145249.0
008 - FIXED-LENGTH DATA ELEMENTS--GENERAL INFORMATION
fixed length control field 220909b |||||||| |||| 00| 0 eng d
020 ## - INTERNATIONAL STANDARD BOOK NUMBER
International Standard Book Number 9783540345596 (hbd)
037 ## - SOURCE OF ACQUISITION
Terms of availability Textual
040 ## - CATALOGING SOURCE
Original cataloging agency CSL
Language of cataloging eng
Transcribing agency CSL
041 ## - LANGUAGE CODE
Language code of text/sound track or separate title eng
100 ## - MAIN ENTRY--PERSONAL NAME
Personal name Schneider Johannes
245 #0 - TITLE STATEMENT
Title Stochastic optimization
260 ## - PUBLICATION, DISTRIBUTION, ETC.
Place of publication, distribution, etc. Berlin
Name of publisher, distributor, etc. Springer-Verlag
Date of publication, distribution, etc. 2006
300 ## - PHYSICAL DESCRIPTION
Extent xvi,565p.
Dimensions cm.
490 ## - SERIES STATEMENT
Series statement Scientific computation
500 ## - GENERAL NOTE
General note Bibliographical references 551-561p; Index 563-565p
650 ## - SUBJECT ADDED ENTRY--TOPICAL TERM
Topical term or geographic name entry element Stochastic optimization
650 ## - SUBJECT ADDED ENTRY--TOPICAL TERM
Topical term or geographic name entry element Operational Research
700 ## - ADDED ENTRY--PERSONAL NAME
Personal name Kirkpatrick Scott
942 ## - ADDED ENTRY ELEMENTS (KOHA)
Classification part B28110t93, P6 TOR
Koha item type Textual
Source of classification or shelving scheme Colon Classification (CC)

No items available.

Copyright @ Delhi University Library System